ARRUPE JESUIT UNIVERSITY

CORONAVIRUS -STOP THE SPREAD - CLEAN,DISINFECT,COVER

The African tea cosy / (Record no. 118333)

MARC details
000 -LEADER
fixed length control field 00664cam a22002297a 4500
001 - CONTROL NUMBER
control field 16731245
003 - CONTROL NUMBER IDENTIFIER
control field ARRUPE
005 - DATE AND TIME OF LATEST TRANSACTION
control field 20131011123711.0
008 - FIXED-LENGTH DATA ELEMENTS--GENERAL INFORMATION
fixed length control field 110412s2010 rh 000 f eng
010 ## - LIBRARY OF CONGRESS CONTROL NUMBER
LC control number 2011349234
020 ## - INTERNATIONAL STANDARD BOOK NUMBER
International Standard Book Number 9780797441682
040 ## - CATALOGING SOURCE
Original cataloging agency DLC
Transcribing agency DLC
042 ## - AUTHENTICATION CODE
Authentication code lcode
050 00 - LIBRARY OF CONGRESS CALL NUMBER
Classification number PR9390.9M34
Item number .A4 2010
300 ## - PHYSICAL DESCRIPTION
Dimensions 21 cm.
100 1# - MAIN ENTRY--PERSONAL NAME
Personal name Masilo, Violet.
9 (RLIN) 2473
245 14 - TITLE STATEMENT
Title The African tea cosy /
Statement of responsibility, etc Violet Masilo.
260 ## - PUBLICATION, DISTRIBUTION, ETC. (IMPRINT)
Place of publication, distribution, etc Harare, Zimbabwe :
Name of publisher, distributor, etc Zimbabwe Women Writers,
Date of publication, distribution, etc 2010.
300 ## - PHYSICAL DESCRIPTION
Extent 178 p. ;
906 ## - LOCAL DATA ELEMENT F, LDF (RLIN)
a 7
b cbc
c origode
d 4
e ncip
f 20
g y-gencatlg
942 ## - ADDED ENTRY ELEMENTS (KOHA)
Source of classification or shelving scheme Library of Congress Classification
Koha item type Monograph ( Printed materials)
Holdings
Withdrawn status Lost status Source of classification or shelving scheme Damaged status Not for loan Collection code Home library Current library Shelving location Date acquired Total Checkouts Full call number Barcode Date last seen Price effective from Koha item type
    Library of Congress Classification     Main Collection ARRUPE LIBRARY ARRUPE LIBRARY Main Collection 11/10/2013   PR9390.9M34 .A4 2010 46410766 11/10/2013 11/10/2013 Monograph ( Printed materials)

 

Arrupe Library. PO Box MP320 Mt Pleasant, Harare, Zimbabwe
263 242 745411|librarian@aju.ac.zw